The noble scholar, jurist, historian


 His Excellency Dr. Abdul Wahhab bin Ibrahim Abu Sulaiman, may Allah have mercy on him.


 He was born in Umm Al-Qura in the year 1356 AH.

صحيفة سوابق جريدة بوائق : (Record no. 10709)

MARC details
000 -LEADER
fixed length control field 01239cam a2200253 i 4500
003 - CONTROL NUMBER IDENTIFIER
control field SA-RiAUC
005 - DATE AND TIME OF LATEST TRANSACTION
control field 20250811060457.0
008 - FIXED-LENGTH DATA ELEMENTS--GENERAL INFORMATION
fixed length control field 250807s2009 ua g 000r0 ara c
040 ## - CATALOGING SOURCE
Original cataloging agency SA-JeKAU
Language of cataloging ara
Transcribing agency SA-RiAUC
Description conventions rda
082 04 - DEWEY DECIMAL CLASSIFICATION NUMBER
Classification number 260
090 ## - LOCALLY ASSIGNED LC-TYPE CALL NUMBER (OCLC); LOCAL CALL NUMBER (RLIN)
Classification number (OCLC) (R) ; Classification number, CALL (RLIN) (NR) 260
Local cutter number (OCLC) ; Book number/undivided call number, CALL (RLIN) ا ب ن ص
100 1# - MAIN ENTRY--PERSONAL NAME
Personal name ابن الصديق، أحمد بن محمد،
Dates associated with a name 1901-1960
Relator term مؤلف.
245 10 - TITLE STATEMENT
Title صحيفة سوابق جريدة بوائق :
Remainder of title جمعها نصيحة لله ورسوله ولجماعة المسلمين من كلام الشيخ الصوفي أبي الفيض أحمد بن محمد بن الصديق الغماري الطنجي /
Statement of responsibility, etc. جمع أبي أويس محمد بوخبزة الحسني.
250 ## - EDITION STATEMENT
Edition statement الطبعة الأولى.
264 #1 - PRODUCTION, PUBLICATION, DISTRIBUTION, MANUFACTURE, AND COPYRIGHT NOTICE
Place of production, publication, distribution, manufacture القاهرة :
-- الرياض :
Name of producer, publisher, distributor, manufacturer دار الآفاق ؛
-- دار التوحيد للنشر،
Date of production, publication, distribution, manufacture, or copyright notice 2009.
300 ## - PHYSICAL DESCRIPTION
Extent 382 صفحة ؛
Dimensions 24 × 17 سم
336 ## - CONTENT TYPE
Content type term نص
Content type code txt
Source rdacontent
Materials specified كتاب
337 ## - MEDIA TYPE
Media type term بدون وسيط
Media type code n
Source rdamedia
338 ## - CARRIER TYPE
Carrier type term مجلد
Carrier type code nc
Source rdacarrier
650 #7 - SUBJECT ADDED ENTRY--TOPICAL TERM
Topical term or geographic name entry element التصوف الإسلامي
Source of heading or term aucsh
700 1# - ADDED ENTRY--PERSONAL NAME
Personal name الحسني، محمد بن الأمين بوخبزة،
Dates associated with a name 1932-2020
Relator term جامع.
942 ## - ADDED ENTRY ELEMENTS (KOHA)
Source of classification or shelving scheme Dewey Decimal Classification
Koha item type Books
Suppress in OPAC No
949 ## - LOCAL PROCESSING INFORMATION (OCLC)
a SA-JeALM
d 250807
u mohamedma123
n 1
Holdings
Withdrawn status Lost status Source of classification or shelving scheme Damaged status Not for loan Home library Current library Date acquired Total checkouts Full call number Barcode Date last seen Price effective from Koha item type
    Dewey Decimal Classification     DR AbdElwahab Library DR AbdElwahab Library 08/11/2025   260 ا ب ن ص 000017416 08/11/2025 08/11/2025 Books